000 00301nam a22001217a 4500
008 181207b xxu||||| |||| 00| 0 eng d
041 _aeng
080 _a616.8-006
100 _a6
101 _aKAN
245 _aOncogenes An Introduction to the Concept of Cancer Genes
_cBurck,K.B
942 _2udc
_cBK
999 _c53022
_d53022